000 01616cab a22003375a 4500
001 L158226
008 141021e2014 xxk 000 0 eng d
035 _a(Sirsi) u158226
041 0 _aeng
100 1 _aLewsley, Christopher
245 0 0 _aProhibited by law
_bEvolution without revolution?
260 _c2014
490 _aRating and Valuation Reporter
_v54(10) October 2014, 264-267(4)
520 _aTraces the development of rating of unoccupied property in England introduced by the Local Government Act 1966 up to 2014 with reference to case law which up to the introduction of Council Tax in 1990 covered domestic and non-domestic dwellings. Domestic dwellings since 1990 have been dealt with by Council Tax legislation. Looks at how Council Tax is applied to unoccupied properties in Scotland.
650 2 4 _aUNOCCUPIED PROPERTY
650 2 4 _aEMPTY PROPERTIES
650 2 4 _aCOUNCIL TAX
650 2 4 _aNON-DOMESTIC RATES
650 2 4 _aEASIWORK HOMES LTD V REDBRIDGE LBC
650 2 4 _aRAVENSEFT PROPERTIES LTD V NEWHAM (LBC)
650 2 4 _aTOWER HAMLETS (LBC) V ST KATHERINE BY THE TOWER LTD EASIWORK HOMES LTD V REDBRIDGE LONDON (BC)
650 2 4 _aHAILBURY INVESTMENTS LTD V WESTMINSTER CITY COUNCIL
650 2 4 _aREGENT LION PROPERTIES V WESTMINSTER CC
650 2 4 _aPALL MALL INVESTMENTS (LONDON) LTD V GLOUCHESTER CC
650 2 4 _aRE THE APPEAL OF EDINBURGH CITY COUNCIL
650 2 4 _aLOCAL GOVERNMENT ACT 1966 S22
650 2 4 _aNON-DOMESTIC RATING (UNOCCUPIED PROPERTY) (ENGLAND) REGULATIONS 2008
651 4 _aUnited Kingdom
_y
690 _aFinance and taxation
942 _n0
999 _c84534
_d84534